Simone de beauvoir ou l'entreprise de vivre (Registo nº 202814)
[ vista simples ]
| 000 -Etiqueta do registo | |
|---|---|
| Valores | 00616nam 22001933 4500 |
| 100 ## - Dados gerais de processamento | |
| Dados gerais | 20260630d u||y0pory50 ba |
| 200 ## - Titulo e menção de responsabilidade | |
| Título próprio | Simone de beauvoir ou l'entreprise de vivre |
| Primeira menção de responsabilidade | Francis Jeanson |
| 210 ## - Publicação | |
| Local de publicação | Paris |
| Nome do editor | Seuil |
| Data de publicação | imp.1966 |
| 215 ## - Descrição física | |
| Paginação / Volumes | 301, [1] p. |
| Outras indicações físicas | brochado |
| Dimensões | 21 cm |
| 304 ## - Nota relativa ao título | |
| Texto de nota | suivi de deux entretiens avec Simone de Beauvoir |
| 606 ## - Nome comum usado como assunto | |
| ID Autoridade | 7660 |
| Palavra de ordem | Literatura Francesa |
| Subdivisão assunto | Ensaio |
| 610 ## - Termos não controlados | |
| Palavra de ordem | Em língua Francesa |
| 675 ## - CDU | |
| Notação | 821.133.1-4 |
| Edição | FR |
| Língua | fra |
| 700 ## - Autor principal (pessoa individual) | |
| ID Autoridade | 17669 |
| Apelido | Jeanson |
| Nome | Francis |
| Datas | 1922-2009 |
| 801 ## - Fonte de origem | |
| País | PT |
| Agência | BMMN |
| Regras de catalogação | RPC |
| 830 ## - Notas gerais do catalogador | |
| Criado por | Ana Falardo |
| Indexado por | Ana Falardo |
| 990 ## - Elementos KOHA | |
| Tipo de documento | Livro |
| Situação do levantamento | Biblioteca de origem | Código de barras | Cota | Permissão de empréstimo | Tipo de documento | Nota relativa ao exemplar | Forma de aquisição |
|---|---|---|---|---|---|---|---|
| Biblioteca Municipal de Montemor-o-Novo | 32334 | 821.133.1-4 JEA|SAF | Livro | Acesso Condicionado | Oferta |